000 00584nam a22001577a 4500
999 _c8305
_d8306
008 190814b ||||| |||| 00| 0 eng d
020 _a0804709416
082 _a301.2 JOH
100 _aJohnson, Allen W.
245 _aQuantification in cultural anthropology :
_b an introduction to research design
260 _aStanford, Calif. :
_bStanford University Press,
_c1978.
300 _axiv, 231 p. :
_bill. ;
_c23 cm.
500 _aIncludes index. Bibliography note: Bibliography: p. [211]-225.
650 _a Ethnology -- Methodology; Mathematical anthropology;
942 _2ddc